[Event "Vitrolles Majeur op 0405"]
[Site "Vitrolles"]
[Date "2005.04.09"]
[Round "9"]
[White "Hernandez, Jean Pierre"]
[Black "Cipriani, Pierre"]
[Result "0-1"]
[WhiteElo "1720"]
[BlackElo "1800"]
[PlyCount "130"]
[EventDate "2004.10.16"]
[EventType "swiss"]
[EventRounds "9"]
[EventCountry "FRA"]
[SourceTitle "EXT 2008"]
[Source "ChessBase"]
[SourceDate "2007.11.25"]
[SourceVersion "1"]
[SourceVersionDate "2007.11.25"]
[SourceQuality "1"]

1. c4 g6 2. Nc3 Bg7 3. d4 c6 4. Nf3 Nf6 5. e3 0-0 6. Be2 d6 7. 0-0 Nbd7 8. b3 e5 9. Bb2 exd4 10. exd4 Re8 11. Re1 Nf8 12. Bf1 Be6 13. a3 Qc7 14. Rc1 Bg4 15. Qd3 Bf5 16. Qd2 Ng4 17. Rxe8 Rxe8 18. Re1 Rxe1 19. Qxe1 Qb6 20. Qd1 Ne6 21. Na4 Qc7 22. h3 Nf6 23. d5 cxd5 24. cxd5 Bc2 25. Qc1 Bxb3 26. dxe6 Qxc1 27. exf7+ Kxf7 28. Bxc1 Bxa4 29. Bb2 Bc6 30. Bc4+ Ke7 31. Nd4 Ne8 32. Nxc6+ bxc6 33. Bxg7 Nxg7 34. g3 d5 35. Ba2 Nf5 36. Kf1 Kd6 37. Ke2 c5 38. h4 c4 39. Bb1 Ke5 40. f4+ Ke6 41. Kf3 d4 42. Ke4 Nxg3+ 43. Kxd4 Ne2+ 44. Ke3 Nc3 45. Bc2 Kd5 46. f5 gxf5 47. Bxf5 h6 48. Bc2 Ke5 49. a4 a5 50. h5 Nd5+ 51. Kd2 Kd4 52. Bg6 Nc3 53. Be8 Ne4+ 54. Kc2 Kc5 55. Bg6 Nf6 56. Kc3 Nd5+ 57. Kb2 Kb4 58. Be4 Ne3 59. Bc6 c3+ 60. Kc1 Kb3 61. Be8 c2 62. Bb5 Nd5 63. Be8 Nb4 64. Bf7+ Kc3 65. Bc4 Nd3+ 0-1

[Event "Vitrolles Majeur op 0405"]
[Site "Vitrolles"]
[Date "2004.12.11"]
[Round "4"]
[White "Porte, Jacques"]
[Black "Hernandez, Jean Pierre"]
[Result "1-0"]
[WhiteElo "1670"]
[BlackElo "1720"]
[PlyCount "127"]
[EventDate "2004.10.16"]
[EventType "swiss"]
[EventRounds "9"]
[EventCountry "FRA"]
[SourceTitle "EXT 2008"]
[Source "ChessBase"]
[SourceDate "2007.11.25"]
[SourceVersion "1"]
[SourceVersionDate "2007.11.25"]
[SourceQuality "1"]

1. e4 c6 2. d4 d5 3. Nc3 dxe4 4. Nxe4 Nd7 5. Nf3 Ngf6 6. Bd3 Nxe4 7. Bxe4 Nf6 8. Bd3 Bg4 9. c3 g6 10. Be3 Bg7 11. 0-0 0-0 12. Re1 Re8 13. Be2 Nd5 14. Bg5 h6 15. Bh4 b5 16. h3 Bc8 17. Qd2 Qb6 18. a3 a5 19. Bg3 Kh7 20. Bd3 c5 21. dxc5 Qxc5 22. Rac1 Qb6 23. Be4 Bb7 24. Ne5 Bxe5 25. Bxe5 Rad8 26. Qc2 Nf6 27. Qb3 Bd5 28. Bxd5 Nxd5 29. Bd4 Qb7 30. a4 b4 31. Be3 e6 32. c4 Nxe3 33. Qxe3 Qc6 34. b3 Re7 35. Qe5 Qc7 36. Qe3 Red7 37. Qe5 Qxe5 38. Rxe5 Ra7 39. c5 Rc8 40. c6 Rcc7 41. Rcc5 Kg7 42. Rxa5 Rxa5 43. Rxa5 Rxc6 44. Rb5 Kf6 45. Rxb4 Ke5 46. a5 Kd6 47. f4 Kc7 48. Rb5 h5 49. b4 h4 50. Kf2 f5 51. Ke3 Rc1 52. Kd4 Re1 53. Re5 Rd1+ 54. Kc5 Kd7 55. b5 Rc1+ 56. Kb6 Kd6 57. a6 g5 58. a7 Ra1 59. Re2 gxf4 60. Rd2+ Ke7 61. Kb7 Ra5 62. b6 e5 63. a8Q Rxa8 64. Kxa8 1-0

[Event "Cap d'Agde Avenir op"]
[Site "Cap d'Agde"]
[Date "2003.10.24"]
[Round "2"]
[White "Artiaga, Harold"]
[Black "Hernandez, Jean Pierre"]
[Result "1-0"]
[WhiteElo "1730"]
[BlackElo "1560"]
[PlyCount "55"]
[EventDate "2003.10.24"]
[EventType "swiss"]
[EventRounds "9"]
[EventCountry "FRA"]
[SourceTitle "EXT 2005"]
[Source "ChessBase"]
[SourceDate "2004.11.15"]
[SourceVersion "1"]
[SourceVersionDate "2004.11.15"]
[SourceQuality "1"]

1. e4 e6 2. d4 d5 3. exd5 exd5 4. Bd3 Bd6 5. Nf3 Nf6 6. 0-0 0-0 7. Bg5 Bg4 8. Re1 Nbd7 9. Nc3 c6 10. Ne2 Re8 11. Qd2 Qc7 12. Ng3 Bxg3 13. hxg3 Rad8 14. Bf4 Qc8 15. Ne5 Nxe5 16. Bxe5 Nd7 17. Bxg7 Kxg7 18. Qg5+ Kh8 19. Qxg4 Nf8 20. Bf5 Rxe1+ 21. Rxe1 Qb8 22. Re7 Ng6 23. Rxf7 Rg8 24. Bxg6 Rg7 25. Rxg7 Kxg7 26. Bh5+ Kh8 27. Qf5 Qg8 28. Bf7 1-0

[Event "Bouches du Rhone-ch 0203"]
[Site "Provence"]
[Date "2003.03.08"]
[Round "8"]
[White "Derien, Robert"]
[Black "Hernandez, Jean Pierre"]
[Result "0-1"]
[WhiteElo "1710"]
[BlackElo "1660"]
[PlyCount "67"]
[EventDate "2002.10.??"]
[EventType "swiss"]
[EventRounds "9"]
[EventCountry "FRA"]
[SourceTitle "EXT 2005"]
[Source "ChessBase"]
[SourceDate "2004.11.15"]
[SourceVersion "1"]
[SourceVersionDate "2004.11.15"]
[SourceQuality "1"]

1. e4 c6 2. d4 d5 3. Nc3 dxe4 4. Nxe4 Nd7 5. Bc4 Ngf6 6. Qe2 Nxe4 7. Qxe4 Nf6 8. Qf4 e6 9. Nf3 Bd6 10. Qh4 Be7 11. c3 Nd5 12. Qg3 Bf6 13. Bd3 h6 14. h4 Bd7 15. Bd2 Qc7 16. Ne5 Rf8 17. c4 Ne7 18. Bf4 Qa5+ 19. Bd2 Qc7 20. Nxd7 Qxd7 21. Bc3 Bxd4 22. 0-0-0 Bxc3 23. bxc3 0-0-0 24. Qxg7 Qd6 25. Qf6 Ng8 26. Qf3 Qa3+ 27. Kd2 Qb2+ 28. Ke3 Qxc3 29. Rd2 Qe5+ 30. Qe4 Qc5+ 31. Kf3 Nf6 32. Qe3 Qh5+ 33. Kg3 Rg8+ 34. Kf4 0-1

[Event "Bouches du Rhone-ch 0203"]
[Site "Provence"]
[Date "2003.02.08"]
[Round "6"]
[White "Hernandez, Jean Pierre"]
[Black "Habib, George"]
[Result "0-1"]
[WhiteElo "1660"]
[BlackElo "1780"]
[PlyCount "118"]
[EventDate "2002.10.??"]
[EventType "swiss"]
[EventRounds "9"]
[EventCountry "FRA"]
[SourceTitle "EXT 2005"]
[Source "ChessBase"]
[SourceDate "2004.11.15"]
[SourceVersion "1"]
[SourceVersionDate "2004.11.15"]
[SourceQuality "1"]

1. c4 b6 2. Nf3 Bb7 3. g3 Nf6 4. Bg2 e6 5. Nc3 d6 6. d4 Be7 7. 0-0 0-0 8. Qc2 d5 9. Ne5 c5 10. e3 cxd4 11. exd4 Qc8 12. b3 dxc4 13. Bxb7 Qxb7 14. bxc4 Nbd7 15. Nxd7 Qxd7 16. Ne2 Rac8 17. Be3 Qc6 18. Rac1 Ba3 19. Rb1 Qxc4 20. Qxc4 Rxc4 21. Rb3 Bd6 22. Kg2 Nd5 23. Kf3 h6 24. a3 Rfc8 25. Bd2 g5 26. h3 f5 27. Rd1 Rc2 28. Rc1 Rxc1 29. Bxc1 Rc2 30. Rb2 Rc4 31. Rb3 Kf7 32. Kg2 Kf6 33. h4 Rc2 34. Rb2 Rxb2 35. Bxb2 gxh4 36. gxh4 Nf4+ 37. Nxf4 Bxf4 38. Kf3 Bd6 39. Ke3 Kg6 40. f4 Kh5 41. Kf3 Kxh4 42. a4 Kh5 43. Bc3 Kg6 44. Be1 a6 45. Bc3 Kf7 46. Bd2 Ke8 47. Kg3 Be7 48. Kf3 Kd7 49. Ke3 Kc6 50. Kd3 b5 51. axb5+ axb5 52. Kc3 Kd5 53. Kd3 h5 54. Be3 h4 55. Bg1 h3 56. Kc3 Ke4 57. Bh2 Kf3 58. d5 exd5 59. Kd4 Kg2 0-1

[Event "Bouches du Rhone-ch 0203"]
[Site "Provence"]
[Date "2002.11.09"]
[Round "2"]
[White "Hernandez, Jean Pierre"]
[Black "Zejneli, Skender"]
[Result "0-1"]
[WhiteElo "1660"]
[BlackElo "2020"]
[PlyCount "62"]
[EventDate "2002.10.??"]
[EventType "swiss"]
[EventRounds "9"]
[EventCountry "FRA"]
[SourceTitle "EXT 2005"]
[Source "ChessBase"]
[SourceDate "2004.11.15"]
[SourceVersion "1"]
[SourceVersionDate "2004.11.15"]
[SourceQuality "1"]

1. Nf3 d5 2. d4 Nf6 3. e3 e6 4. c4 c6 5. cxd5 exd5 6. Bd3 Bd6 7. a3 Bg4 8. Nbd2 Nbd7 9. h3 Bh5 10. b3 Rc8 11. Bb2 Bb8 12. g4 Bg6 13. Bxg6 hxg6 14. Rc1 Nxg4 15. Ke2 Nh6 16. Qg1 Nf5 17. a4 Bd6 18. Nb1 Nf6 19. Ne5 Bxe5 20. dxe5 Ne4 21. Nd2 Ng5 22. Rd1 Qe7 23. Qg4 Rh4 24. Qg2 Ne6 25. Nf3 Re4 26. h4 Nf4+ 27. Kf1 Nxg2 28. Kxg2 Nxh4+ 29. Nxh4 Qg5+ 30. Kf1 Rxh4 31. Rg1 Qh5 0-1

[Event "Provence-ch prom Meyreuil 0001"]
[Site "France"]
[Date "2001.02.10"]
[Round "7"]
[White "Varache"]
[Black "Hernandez, Jean Pierre"]
[Result "1-0"]
[WhiteElo "1770"]
[BlackElo "1650"]
[PlyCount "110"]
[EventDate "2000.??.??"]
[EventType "tourn"]
[EventRounds "9"]
[EventCountry "FRA"]
[SourceTitle "EXT 2005"]
[Source "ChessBase"]
[SourceDate "2004.11.15"]
[SourceVersion "1"]
[SourceVersionDate "2004.11.15"]
[SourceQuality "1"]

1. c4 c5 2. Nc3 Nf6 3. Nf3 d5 4. cxd5 Nxd5 5. g3 g6 6. Bg2 e6 7. 0-0 Bg7 8. d4 cxd4 9. Nxd4 0-0 10. Nxd5 exd5 11. e3 b6 12. b3 Bb7 13. Bb2 Nc6 14. Rc1 Rc8 15. Qd2 Qd7 16. Rfd1 Nxd4 17. Bxd4 Rxc1 18. Rxc1 f6 19. Rd1 Rd8 20. Bb2 Qe7 21. Qd4 f5 22. Qxg7+ Qxg7 23. Bxg7 Kxg7 24. Kf1 Kf6 25. Ke2 Ke5 26. Rd4 Rd7 27. Kd2 Rc7 28. Bf1 g5 29. h3 Rf7 30. Ra4 Bc6 31. f4+ Kd6 32. Rd4 h6 33. Be2 a6 34. b4 b5 35. Bf3 Re7 36. g4 fxg4 37. hxg4 gxf4 38. exf4 Re6 39. Rd3 Bb7 40. Re3 Bc8 41. Kd3 Rxe3+ 42. Kxe3 Be6 43. Kd4 Bf7 44. Bd1 Be8 45. Bc2 Bf7 46. Bf5 Kc6 47. g5 hxg5 48. fxg5 Kb6 49. Bh7 a5 50. g6 Bxg6 51. Bxg6 axb4 52. Bc2 Kc6 53. Bb3 Kb6 54. Kxd5 Kb7 55. Kc5 Ka6 1-0

[Event "Provence-ch prom Meyreuil 0001"]
[Site "France"]
[Date "2000.11.25"]
[Round "3"]
[White "Hernandez, Jean Pierre"]
[Black "Tchifteyan, Philippe"]
[Result "1-0"]
[WhiteElo "1650"]
[BlackElo "1570"]
[PlyCount "103"]
[EventDate "2000.??.??"]
[EventType "tourn"]
[EventRounds "9"]
[EventCountry "FRA"]
[SourceTitle "EXT 2005"]
[Source "ChessBase"]
[SourceDate "2004.11.15"]
[SourceVersion "1"]
[SourceVersionDate "2004.11.15"]
[SourceQuality "1"]

1. c4 c5 2. Nf3 Nf6 3. Nc3 Nc6 4. e3 e6 5. a3 Be7 6. d4 d5 7. cxd5 cxd4 8. exd4 Nxd5 9. Bb5 Nxc3 10. bxc3 0-0 11. 0-0 a6 12. Bxc6 bxc6 13. Rb1 Bf6 14. Re1 a5 15. a4 Ba6 16. Bf4 Ra7 17. Rb8 Qe7 18. Qb3 Rb7 19. Rxb7 Qxb7 20. Qxb7 Bxb7 21. Rb1 Ba8 22. Bc7 Bd8 23. Bd6 Re8 24. Rb8 f6 25. Rxa8 Kf7 26. Nh4 e5 27. Ra7+ Ke6 28. Bc5 g5 29. Nf3 exd4 30. Bxd4 Kd5 31. Kf1 h5 32. g3 c5 33. Be3 Kc4 34. Ra8 Rf8 35. Rc8 Be7 36. Rxf8 Bxf8 37. Nd2+ Kxc3 38. Ne4+ Kb4 39. Nxf6 Kxa4 40. Nd7 Be7 41. Nxc5+ Kb4 42. Ne4 g4 43. Bd4 Kc4 44. Bh8 Kd3 45. Nf6 Bc5 46. Nxh5 Bd4 47. Nf4+ Kc4 48. Bxd4 Kxd4 49. Ke2 Kc4 50. Kd2 a4 51. Kc2 a3 52. h4 1-0